000 00666cam a2200241 4500500
005 20260405002505.0
041 _afre
042 _adc
100 1 0 _aEnjalbert, Cédric
_eauthor
245 0 0 _aRèglements de contes
260 _c2017.
500 _a89
690 _aCendrillon
690 _aConte
690 _aHenri Wallon
690 _aHyperchose
690 _aJoël Pommerat
690 _aMort
690 _aPinocchio
690 _aThéâtre
786 0 _nPhilosophie magazine | 111 | 7-8 | 2017-07-01 | p. 77-77 | 1951-1787
856 4 1 _uhttps://shs.cairn.info/magazine-philosophie-magazine-2017-7-8-page-77?lang=fr&redirect-ssocas=7080
999 _c2058152
_d2058152